04071 a2200433 45000010006000000050017000060080041000230030015000640400040000790800052001192450049001712640044002203000032002645052576002960410008028721000027028807000067029077000022029747000038029967000026030347000041030607000024031017000025031257000021031507000021031717000026031927000030032187000035032487000030032837000027033137000032033407000035033727000021034077000033034287000030034617000027034917000021035188560098035394454720260407155722.0260407a1995 arg spa dAR-UNSa-BCEJYS aAR-UNSa-BCEJYSbspacAR-UNSa-BCEJYS a342xDerecho constitucional (Derecho Público)10aDerecho constitucional de la reforma de 1994 1aBuenos Aires :bEdiciones Depalmac1995 a2 v. (558 ; 451 p.)c23 cm. aVol. I: 1. Sistemas y Régimen Político Argentino. ¿Ha cambiado con la Reforma de 1994? / Dardo Pérez Guilhou - 2. La defensa de la Constitución / Juan Fernando Segovia - 3. Reforma de la Constitución Nacional / Eduardo Fernando Luna - 4. Supremacía de la Constitución. El Nuevo Orden / María Celia Castorina de Tarquini - 5. Derechos Individuales en la Constitución Nacional / Dardo José Pérez Hualde - 6. Derechos Sociales en la Constitución Argentina / Dardo José Pérez Hualde - 7. Derechos de los Trabajadores: Reforma Constitucional y Legislación Nacional / Carlos Alberto Livellara - 8. La protección de los Indígenas / Gonzalo Segovia y Juan Fernando Segovia - 9. Constitución Nacional y Medio Ambiente / Felipe Seisdedos - 10. Ejercicio Pleno de los Derechos Políticos y Partidos Políticos / Rubén Morales - 11. Formas de participación Directa en la Democracia Representativa / José Luis Martínez Peroni - 12. Amparo, Hábeas Data y Hábeas Corpus en la Reforma de 1994 / Felipe Seisdedos - 13. La Autonomía en la Constitución Nacional / ^Patricia Raquel Martínez - 14. El Proceso de Formación de las Leyes en la Constitución Nacional Reformada en 1994 / María Luisa Giunta - 15. El Silencio del Congreso / Alejandro Pérez Hualde - 16. El Senado por Venir / Walter José Cueto -- Vol. II: 17. Los Tratados de Integración y la Reforma Constitucional / Ismael Farrando - 18. Considerciones sobre los Establecimientos de Utilidad Nacional en la Constitución Nacional / María Gabriela Ábalos de Mosso - 19. La Auditoría General de la Nación / Eduardo Estrada - 20. El Defensor del Pueblo / Eduardo Fernando Luna - 21. El Poder Ejecutivo / Dardo Pérez Guilhou - 22. La Reforma de la Constitución y el Jefe de Gabinete / Daniel Gómez Sanchís - 23. Decretos de Necesidad y Urgencia: Su Ley Especial / Alejandro Pérez Hualde - 24. El Poder Judicial en la Reforma Constitucional / Aída Kemelmajer de Carlucci - 25. El Ministerio Público en la Reforma Constitucional de 1994 / Jorge A. Coussirat - 26. El Régimen Federal y la Reforma Constitucional / María Celia Castorina de Tarquini - 27. La Región y la Reforma Constitucional / María Celia Castorina de Tarquiri - 28. Las Provincias y los Convenios Internacionales / Mónica Buj Montero - 29. Reflexiones sobre el Régimen Municipal en la Constitución Nacional / María Gabriela Abalos de Mosso - 30. Aspectos en Torno a la Ciudad de Buenos Aires en la Constitución Nacional / María Gabriela Abalos de Mosso -  aspa1 aPérez Guilhou, Dardo1 aInstituto Argentino de Estudios Constitucionales y Políticos1 aSeisdedos, Felipe1 aAbalos de Mosso, María Gabriela1 aBuj Montero, Mónica1 aCastorina de Tarquini, María Celia1 aCoussirat, Jorge A.1 aCueto, Walter José1 aEstrada, Eduardo1 aFarrando, Ismael1 aGuinta, María Luisa1 aGómez Sanchís, Daniel1 aKemelmajer de Carlucci, Aída1 aLivellara, Carlos Alberto1 aLuna, Eduardo Fernando1 aMartínez, Patricia Raquel1 aMartínez Peroni, José Luis1 aMorales, Rubén1 aPérez Hualde, Dardo José1 aPérez Hualde, Alejandro1 aSegovia, Juan Fernando1 aSegovia, Gonzalo41uhttps://www.biblioeco.unsa.edu.ar/pmb/images/libros/L70198.jpgyImagen de portadaqimage/jpeg